Name the 20 most important wine countries in the world - Wine Quiz 1 - Statistics

General Stats
  • This quiz has been taken 89 times
  • The average score is 14 of 20
Answer Stats
Hint Answer % Correct
F France
98%
I Italy
95%
S Spain
94%
P Portugal
92%
Germany
91%
U United States
88%
Argentina
85%
Australia
85%
H Hungary
80%
G Greece
77%
A Austria
74%
R Romania
74%
N New Zealand
70%
C Chile
58%
Switzerland
58%
China
56%
Mexico
56%
South Africa
48%
B Bulgaria
39%
M Morocco
27%
No matching quizzes found
Score Distribution
Percent of People with Each Score
Percentile by Number Answered
Your Score History
You have not taken this quiz